International marketing / (Record no. 14512)

MARC details
000 -LEADER
fixed length control field 00993nam a22002777a 4500
005 - DATE AND TIME OF LATEST TRANSACTION
control field 20080711111158.0
006 - FIXED-LENGTH DATA ELEMENTS--ADDITIONAL MATERIAL CHARACTERISTICS--GENERAL INFORMATION
fixed length control field a|||||r|||||00| 0
008 - FIXED-LENGTH DATA ELEMENTS--GENERAL INFORMATION
fixed length control field 080711t xxu||||| |||| 00| 0 eng d
010 ## - LIBRARY OF CONGRESS CONTROL NUMBER
LC control number ENG-90544
020 ## - INTERNATIONAL STANDARD BOOK NUMBER
International Standard Book Number 0070666997
Terms of availability 475.00
035 ## - SYSTEM CONTROL NUMBER
System control number EN-74077
037 ## - SOURCE OF ACQUISITION
Source of stock number/acquisition DBAD / PUB
040 ## - CATALOGING SOURCE
Original cataloging agency DPL
Language of cataloging EN
082 ## - DEWEY DECIMAL CLASSIFICATION NUMBER
Classification number 658.848
100 ## - MAIN ENTRY--PERSONAL NAME
Personal name Cateora, Philip R.
245 ## - TITLE STATEMENT
Title International marketing /
Statement of responsibility, etc by Philip R. Cateora, John L. Graham [and] Prashant Salwan
250 ## - EDITION STATEMENT
Edition statement 13th ed
260 ## - PUBLICATION, DISTRIBUTION, ETC. (IMPRINT)
Place of publication, distribution, etc New Delhi
Name of publisher, distributor, etc Tata McGraw-Hill Publishing
Date of publication, distribution, etc 2008
270 ## - ADDRESS
Address 7 West Patel Nagar
City New Delhi
Postal code 110008
300 ## - PHYSICAL DESCRIPTION
Extent xxi, 888p.:
Dimensions 24cm.(pbk)
Other physical details ill.
500 ## - GENERAL NOTE
General note Includes glossary and index
700 ## - ADDED ENTRY--PERSONAL NAME
Personal name Graham, John L.
700 ## - ADDED ENTRY--PERSONAL NAME
Personal name Salwan, Prashant
942 ## - ADDED ENTRY ELEMENTS (KOHA)
Source of classification or shelving scheme Dewey Decimal Classification
Koha item type English Books
Classification part 658.848
Call number suffix CAT
Holdings
Withdrawn status Lost status Damaged status Not for loan Collection code Home library Current library Date acquired Source of acquisition Cost, normal purchase price Total Checkouts Full call number Barcode Date last seen Copy number Cost, replacement price Price effective from Koha item type
      Not For Loan Non-fiction D.B.Act.Division D.B.Act.Division 21/07/2008 DBAD / PUB 475.00   658.848 CAT EN-74077 15/09/2008 1 475.00 15/09/2008 English Books

© Delhi Public Library
Hit Counter
free hit counter